| 000 | 00410 a2200157 4500 | ||
|---|---|---|---|
| 001 | 60242 | ||
| 020 | _a9788504007947 | ||
| 040 | _cAnchieta - Pituba | ||
| 100 | _aRicieri, Francine | ||
| 240 | 1 | 0 |
_aAntologia da poesia simbolista e decadente brasileira _lpor |
| 245 | 1 | 0 | _aAntologia da poesia simbolista e decadente brasileira |
| 300 | _a223 | ||
| 362 | 0 | _a2007 | |
| 650 | 4 | _aPoesia brasileira | |
| 942 | _cBK | ||
| 999 |
_c60242 _d60242 |
||